000 00574nam a2200181Ia 4500
005 20250508151900.0
008 008 250505s9999 xx 000 0 eng d
037 _aBooks to be hide in OPAC
040 _aFEDL
_beng
_cFEDL
041 _aeng
_2eng
084 _a372.954, MAD/O
_qFEDL
245 0 _aMiddle school syllabus of studies calsses V-VIII
245 0 _cBoard of Secondary Education (Madhya Pradesh)
260 _aNagpur, India
_bThe All India Reporter Press
_c1955
300 _a122p.
942 _cHB
_h372.954, MAD/O
999 _c1332690
_d1332690